Pengantar hukum faraid, (Record no. 86856)

MARC details
000 -LEADER
fixed length control field 00627cam a22002171 4500
001 - CONTROL NUMBER
control field sa 68015996
003 - CONTROL NUMBER IDENTIFIER
control field DLC
005 - DATE AND TIME OF LATEST TRANSACTION
control field 20260227112651.0
008 - FIXED-LENGTH DATA ELEMENTS--GENERAL INFORMATION
fixed length control field 891026s1965 io 000 0 ind
010 ## - LIBRARY OF CONGRESS CONTROL NUMBER
LC control number sa 68015996
035 ## - SYSTEM CONTROL NUMBER
System control number (OCoLC)23556014
040 ## - CATALOGING SOURCE
Original cataloging agency DLC
Transcribing agency MiU
Modifying agency DLC
042 ## - AUTHENTICATION CODE
Authentication code premarc
050 00 - LIBRARY OF CONGRESS CALL NUMBER
Classification number LAW <Indonesia (Republic) 7 Jafi>
100 0# - MAIN ENTRY--PERSONAL NAME
Personal name Jafizham,
Titles and words associated with a name T.
245 10 - TITLE STATEMENT
Title Pengantar hukum faraid,
Statement of responsibility, etc. oleh T. Jafizham.
260 ## - PUBLICATION, DISTRIBUTION, ETC.
Place of publication, distribution, etc. Medan,
Name of publisher, distributor, etc. Mestika,
Date of publication, distribution, etc. 1965.
300 ## - PHYSICAL DESCRIPTION
Extent 141 p.
Dimensions 21 cm.
504 ## - BIBLIOGRAPHY, ETC. NOTE
Bibliography, etc. note Bibliography: p. 139-141.
650 #0 - SUBJECT ADDED ENTRY--TOPICAL TERM
Topical term or geographic name entry element Inheritance and succession (Islamic law)
General subdivision Outlines, syllabi, etc.

No items available.

Powered by Koha